Країни світу - Statistics

General Stats
  • This quiz has been taken 92,836 times
  • The average score is 87 of 196
Answers on the Map
Answers color-coded by a green-red scale on the quiz's map according to % correct below.
 
Answer Stats
Country % Correct
Україна
97%
Сполучені Штати Америки
94%
Польща
93%
Росія
93%
Китайська Народна Республіка
93%
Франція
92%
Білорусь
91%
Канада
91%
Німеччина
91%
Італія
91%
Казахстан
90%
Японія
89%
Іспанія
89%
Молдова
88%
Австралія
87%
Бразилія
86%
Румунія
86%
Швеція
86%
Туреччина
85%
Індія
84%
Мексика
83%
Швейцарія
83%
Єгипет
82%
Велика Британія
82%
Литва
81%
Північна Корея
81%
Австрія
80%
Чехія
80%
Латвія
80%
Португалія
80%
Південна Корея
80%
Норвегія
79%
Фінляндія
78%
Греція
78%
Словаччина
78%
Монголія
77%
Іран
76%
Ірландія
76%
Аргентина
75%
Болгарія
75%
Естонія
75%
Угорщина
75%
Данія
74%
Ірак
74%
Нідерланди
74%
Чилі
72%
Ісландія
71%
Грузія
69%
Мадагаскар
69%
Бельгія
68%
Нігер
66%
Хорватія
64%
Ізраїль
63%
Алжир
62%
Сербія
62%
Словенія
62%
Узбекистан
61%
Албанія
60%
Індонезія
60%
Нова Зеландія
60%
Кіпр
58%
Марокко
58%
Азербайджан
57%
Боснія і Герцеговина
57%
Куба
56%
Киргизстан
56%
Перу
56%
Південно-Африканська Республіка
56%
Вірменія
55%
Люксембург
55%
Нігерія
55%
Саудівська Аравія
55%
Колумбія
54%
Північна Македонія
54%
Афганістан
53%
Туркменістан
53%
Об'єднані Арабські Емірати
53%
Чорногорія
52%
Косово
51%
Сирія
51%
Ватикан
51%
Таджикістан
50%
Філіппіни
49%
В'єтнам
49%
Уругвай
48%
Венесуела
48%
Тайвань
47%
Монако
46%
Таїланд
46%
Болівія
45%
Лівія
45%
Непал
45%
Сомалі
44%
Панама
43%
Пакістан
42%
Мальта
41%
Судан
41%
Туніс
41%
Ємен
41%
Чад
40%
Еквадор
40%
Ямайка
40%
Оман
40%
Демократична Республіка Конго
40%
Андорра
39%
Ефіопія
39%
Мальдіви
39%
Парагвай
39%
Республіка Конго
39%
Шрі-Ланка
39%
Ліхтенштейн
37%
Малайзія
37%
Бангладеш
36%
Катар
35%
Сан-Марино
35%
Ангола
33%
Гвінея
33%
Бутан
32%
Йорданія
32%
Ліван
32%
Гондурас
31%
Малі
31%
Домініка
30%
Кенія
30%
Лаос
29%
Папуа Нова Гвінея
29%
Камбоджа
28%
Зімбабве
28%
Сінгапур
27%
М'янма
26%
Коста-Рика
26%
Замбія
26%
Кувейт
25%
Гаїті
24%
Центральноафриканська Республіка
24%
Гана
23%
Гватемала
23%
Мозамбік
22%
Уганда
22%
Намібія
21%
Нікарагуа
21%
Південний Судан
21%
Танзанія
21%
Сальвадор
20%
Еритрея
20%
Мавританія
20%
Гаяна
19%
Суринам
19%
Бахрейн
18%
Ботсвана
18%
Камерун
18%
Домініканська Республіка
18%
Сенегал
17%
Беліз
16%
Ліберія
16%
Того
16%
Багамські Острови
15%
Фіджі
15%
Габон
15%
Лесото
15%
Бенін
14%
Сейшельські Острови
14%
Бруней
13%
Кот-д'Івуар
13%
Джибуті
12%
Екваторіальна Гвінея
12%
Руанда
12%
Федеративні Штати Мікронезії
12%
Барбадос
11%
Буркіна-Фасо
11%
Бурунді
11%
Малаві
11%
Есватіні
11%
Східний Тимор
10%
Гамбія
10%
Гвінея-Бісау
10%
Маврикій
10%
Соломонові Острови
9%
Кабо-Верде
8%
Кірибаті
8%
Маршаллові Острови
8%
Палау
8%
Антигуа і Барбуда
7%
Коморські Острови
7%
Гренада
7%
Науру
7%
Самоа
7%
Тонга
7%
Тринідад і Тобаго
7%
Тувалу
7%
Вануату
7%
Сент-Люсія
6%
Сьєрра-Леоне
6%
Сент-Кіттс і Невіс
5%
Сент-Вінсент і Гренадини
4%
Сан-Томе і Принсіпі
4%
No matching quizzes found
Score Distribution
Percent of People with Each Score
Percentile by Number Answered
Your Score History
You have not taken this quiz